Türkiye Istatistik Yilligi 1990

Na minha lista:
Detalhes bibliográficos
Formato: Livro
Idioma:turco
inglês
Publicado em: Ankara Basbakanlik Devlet Istatistik Enstitüsü 1992
Edição:1. ed.
Tags: Adicionar Tag
Sem tags, seja o primeiro a adicionar uma tag!

MARC

LEADER 00000nam a2200000 4500
001 c003270
005 20250618093248.0
041 0 |a tur 
041 0 |a eng 
044 |a TR 
245 1 0 |a Türkiye Istatistik Yilligi 1990 
250 |a 1. ed. 
264 1 |a Ankara  |b Basbakanlik Devlet Istatistik Enstitüsü  |c 1992 
300 |a 537 s.